[Event "Lovsprings op 06th"]
[Site "Ringsted"]
[Date "1994.04.03"]
[Round "2"]
[White "Jorgensen, Brian"]
[Black "Larsen, Soren Dyberg"]
[Result "1/2-1/2"]
[WhiteElo "2193"]
[BlackElo "1912"]
[PlyCount "142"]
[EventDate "1994.03.27"]
[EventType "swiss"]
[EventRounds "7"]
[EventCountry "DEN"]
[SourceTitle "EXT 2018"]
[Source "ChessBase"]
[SourceDate "2017.10.13"]
[SourceVersion "1"]
[SourceVersionDate "2017.10.13"]
[SourceQuality "1"]

1. c4 Nf6 2. Nc3 e6 3. Nf3 b6 4. g3 Bb7 5. Bg2 Be7 6. 0-0 0-0 7. b3 d6 8. Bb2 Nbd7 9. d4 Ne4 10. Qd3 Nxc3 11. Bxc3 Nf6 12. Nd2 Bxg2 13. Kxg2 d5 14. e4 Nxe4 15. Nxe4 dxe4 16. Qxe4 Bf6 17. Rad1 Re8 18. Rd3 Qe7 19. Rfd1 Rad8 20. Bd2 c5 21. Be3 Bxd4 22. Bxd4 cxd4 23. Rxd4 Rxd4 24. Qxd4 h6 25. Qd7 Kf8 26. Qc6 Rd8 27. Rxd8+ Qxd8 28. c5 bxc5 29. Qxc5+ Qe7 30. Qc8+ Qe8 31. Qc5+ Qe7 32. Qc8+ Qe8 33. Qb7 a5 34. Kf3 Qd8 35. Ke2 Qd4 36. Qc8+ Ke7 37. Qc7+ Ke8 38. Qc8+ Ke7 39. Qc7+ Ke8 40. Qc6+ Ke7 41. Qb7+ Kf6 42. Qf3+ Ke7 43. Qe3 Qb2+ 44. Qd2 Qe5+ 45. Kd3 Qc5 46. Qb2 Qf5+ 47. Ke2 Qe4+ 48. Kd2 Qd5+ 49. Ke3 Qc5+ 50. Qd4 Qc1+ 51. Kf3 Qc6+ 52. Qe4 Qc3+ 53. Kg2 Qd2 54. a3 Qc3 55. Qb7+ Ke8 56. b4 axb4 57. axb4 Qd4 58. h4 e5 59. b5 e4 60. b6 e3 61. Qc6+ Qd7 62. Qa8+ Ke7 63. Qa3+ Qd6 64. Qxe3+ Kd7 65. Qf3 Qc6 66. g4 Qxf3+ 67. Kxf3 Kc6 68. Kf4 Kxb6 69. Ke5 Kc6 70. f4 Kd7 71. h5 Ke7 1/2-1/2

[Event "Lovsprings op 06th"]
[Site "Ringsted"]
[Date "1994.03.27"]
[Round "1"]
[White "Larsen, Soren Dyberg"]
[Black "Pedersen, Hans Dahl"]
[Result "0-1"]
[WhiteElo "1912"]
[BlackElo "2197"]
[PlyCount "76"]
[EventDate "1994.03.27"]
[EventType "swiss"]
[EventRounds "7"]
[EventCountry "DEN"]
[SourceTitle "EXT 2018"]
[Source "ChessBase"]
[SourceDate "2017.10.13"]
[SourceVersion "1"]
[SourceVersionDate "2017.10.13"]
[SourceQuality "1"]

1. e4 c5 2. Nc3 e6 3. g3 Nc6 4. Bg2 Nf6 5. Nge2 Be7 6. 0-0 0-0 7. d4 d6 8. h3 e5 9. dxc5 dxc5 10. Nd5 Nxd5 11. exd5 Nd4 12. c3 Nf5 13. b3 Qc7 14. Bb2 c4 15. b4 Bd6 16. Kh2 Bd7 17. Bc1 a5 18. Bd2 Qb6 19. a3 Rfe8 20. Ng1 e4 21. Ne2 e3 22. fxe3 Nxe3 23. Bxe3 Qxe3 24. Nf4 axb4 25. Rf3 Qe5 26. axb4 h5 27. Rxa8 Rxa8 28. Qe2 h4 29. Qxe5 hxg3+ 30. Kxg3 Bxe5 31. Kf2 Ra2+ 32. Ne2 Rc2 33. Re3 Bf6 34. Ke1 g6 35. Kd1 Ra2 36. Re4 Ra1+ 37. Kd2 Bg5+ 38. Kc2 Bf5 0-1